The columbia guide to social work writing / (Record no. 14451)

000 -LEADER
fixed length control field 02403nam a2200253 a 4500
001 - CONTROL NUMBER
control field ASIN0231142943
005 - DATE AND TIME OF LATEST TRANSACTION
control field 20170105102855.0
008 - FIXED-LENGTH DATA ELEMENTS--GENERAL INFORMATION
fixed length control field 130829s2012 xxu eng d
020 ## - INTERNATIONAL STANDARD BOOK NUMBER
International Standard Book Number 0231142943 (hardcover)
Terms of availability $99.50
020 ## - INTERNATIONAL STANDARD BOOK NUMBER
International Standard Book Number 9780231142946 (hardcover)
040 ## - CATALOGING SOURCE
Original cataloging agency 0
082 04 - DEWEY DECIMAL CLASSIFICATION NUMBER
Classification number 808.066361
245 14 - TITLE STATEMENT
Title The columbia guide to social work writing /
Statement of responsibility, etc. Warren Green, Barbara Levy Simon.
260 ## - PUBLICATION, DISTRIBUTION, ETC.
Place of publication, distribution, etc. [S.l.] :
Name of publisher, distributor, etc. Columbia University Press,
Date of publication, distribution, etc. 2012.
300 ## - PHYSICAL DESCRIPTION
Extent 336 p. ;
Dimensions 24 cm.
520 ## - SUMMARY, ETC.
Summary, etc. Social work practitioners write for a variety of publications, and they are expected to show fluency in a number of related fields. Whether the target is a course instructor, scholarly journal, fellowship organization, or general news outlet, social workers must be clear, persuasive, and comprehensive in their writing, especially on provocative subjects. This first-of-its-kind guide features top scholars and educators providing a much-needed introduction to social work writing and scholarship. Foregrounding the process of social work writing, the coeditors particularly emphasize how to think about and approach one's subject in a productive manner. The guide begins with an overview of social work writing from the 1880s to the present, and then follows with ideal strategies for academic paper writing, social work journal writing, and social work research writing. A section on applied professional writing addresses student composition in field education, writing for and about clinical practice, the effective communication of policy information to diverse audiences, program and proposal development, advocacy, and administrative writing. The concluding section focuses on specific fields of practice, including writing on child and family welfare, contemporary social issues, aging, and intervention in global contexts. Grounding their essays in systematic observations, induction and deduction, and a wealth of real-world examples, the contributors describe the conceptualization, development, and presentation of social work writing in ways that better secure its power and relevance.
650 #0 - SUBJECT ADDED ENTRY--TOPICAL TERM
Topical term or geographic name entry element Communication in social work
650 #0 - SUBJECT ADDED ENTRY--TOPICAL TERM
Topical term or geographic name entry element Social case work reporting
650 #0 - SUBJECT ADDED ENTRY--TOPICAL TERM
Topical term or geographic name entry element Social service
700 1# - ADDED ENTRY--PERSONAL NAME
Personal name Green, Warren.
700 1# - ADDED ENTRY--PERSONAL NAME
Personal name Simon, Barbara Levy.
856 40 - ELECTRONIC LOCATION AND ACCESS
Materials specified Amazon.com
Uniform Resource Identifier <a href="http://www.amazon.com/exec/obidos/ASIN/0231142943/chopaconline-20">http://www.amazon.com/exec/obidos/ASIN/0231142943/chopaconline-20</a>
942 ## - ADDED ENTRY ELEMENTS (KOHA)
Source of classification or shelving scheme
Koha item type Book
Holdings
Withdrawn status Lost status Damaged status Not for loan Collection code Permanent Location Current Location Shelving location Date acquired Total Checkouts Full call number Barcode Date last seen Price effective from Koha item type
          Central Library (CL) Central Library (CL) General Stacks 08/29/2013   808.066361 COL 2012 CIPS0000769 08/29/2013 08/29/2013 Book
© 2023 Central Library, National University of Sciences and Technology. All Rights Reserved.